| 000 | 01566nam a2200277 a 4500 | ||
|---|---|---|---|
| 001 | ASIN0745332064 | ||
| 005 | 20170105102853.0 | ||
| 008 | 130822s2012 xxu eng d | ||
| 020 |
_a0745332064 (paperback) _c$33.00 |
||
| 020 | _a9780745332062 (paperback) | ||
| 040 | _a0 | ||
| 050 | 0 | 4 | _aDS383.5.U6 |
| 082 | 0 | 4 | _a320.12 |
| 245 | 1 | 0 |
_aPakistan : _bthe us, geopolitics and grand strategies / _cUsama Butt, Julian Schofield. |
| 260 |
_a[S.l.] : _bPluto Press, _c2012. |
||
| 300 |
_a288 p. ; _c22 cm. |
||
| 520 | _aThe killing of Osama bin Laden highlighted the tense relationship between the US and Pakistani governments. This book considers the evolving nature of this relationship and Pakistan's place within the global order. Whereas standard accounts focus on the US-Pakistan relationship in isolation, Pakistan: The US, Geopolitics and Grand Strategies provides a broader geopolitical perspective. It analyzes Pakistan's relations with the US after a decade of the War on Terror as well as Pakistan's regional relations, which provides the reader with a complete understanding of Pakistan's interests. Contributions from experts in both Pakistan and the West mean that this book will be vital reading for anyone seeking to understand this troubled nation. | ||
| 650 | 0 | _aGeopolitics | |
| 650 | 0 | _aInternational relations | |
| 650 | 0 | _aPakistan | |
| 650 | 0 | _aUnited States | |
| 700 | 1 | _aButt, Usama. | |
| 700 | 1 | _aSchofield, Julian. | |
| 856 | 4 | 0 |
_3Amazon.com _uhttp://www.amazon.com/exec/obidos/ASIN/0745332064/chopaconline-20 |
| 942 |
_2ddc _cBK |
||
| 999 |
_c14372 _d14372 |
||